000 00327nam a22001457a 4500
003 OSt
005 20160727222352.0
008 160622b xxu||||| |||| 00| 0 eng d
040 _cTEST
100 _9434
_a Wode house, P, G
245 _aSomething Fresh
260 _aN.Y
_b Penguin
300 _aSomething Fresh
942 _2ddc
_cBK
999 _c355
_d355